| 000 | 00000nam##2200000za#4500 |
| 001 | 9.644227 |
| 003 | CaOODSP |
| 005 | 20210624224539 |
| 007 | cr ||||||||||| |
| 008 | 150407|1986||||xxc|||||o f|0| 0 fre|d |
| 040 | |aCaOODSP|bfre |
| 043 | |an-cn--- |
| 086 | 1 |aA53-1264/1986F-PDF |
| 110 | 1 |aCanada.|bAgriculture Canada. |bDirection générale des communications. |
| 245 | 13|aLe trèfle d'Alsike / |h[ressource électronique]|c[par] D.T. Fairey. |
| 260 | |aSaint-Jean-sur-Richelieu - Québec : |bAgriculture Canada. |c1986. |
| 300 | |a24p.|bill. en couleur, tableaux |
| 500 | |aPublication historique numérisée par Agriculture et Agroalimentaire Canada. |
| 590 | |a15-02-Supp|b2015-02-16 |
| 720 | 1 |aFairey, D. T. |
| 775 | 08|tAlsike clover / |w(CaOODSP)9.700329 |
| 856 | 40|ahttp://publications.gc.ca|qPDF|s1704 Ko|uhttps://publications.gc.ca/collections/collection_2015/aac-aafc/A53-1264-1986-fra.pdf |
| 986 | |aPublication 1264/F |